Trouve les pays que j'ai visité - Statistiques

Statistiques générales
  • Ce quiz a été pris 82 fois
  • Le résultat moyen est 7 sur 10
Statistiques - réponses
Pays % Correct
Espagne
97%
France
95%
Italie
95%
Allemagne
91%
Belgique
86%
Pays-bas
76%
Luxembourg
65%
Croatie
47%
Turquie
45%
Saint-marin
15%
Aucun quiz correspondant
Distribution des résultats
% des personnes avec chaque résultat
Percentile par nombre de réponses
Votre historique - résultats
Vous n’avez pas pris ce quiz